000 00749nam a2200229Ia 4500
003 IN-BaIIA
008 211028s9999 xx 000 0 eng d
040 _cIIA Library
080 _a084.4:523.983
_bKUR
100 _aKurucz, R. L.
_910410
245 0 _aSolar flux atlas from 296 to 1300 nm
_c R. L. Kurucz…[et al.]
260 _aNew Mexico
_bHarvard University Press
_c1984
300 _a239p.
490 _aNational solar observatory atlas; no. 1
650 _aAstronomy and astrophysics thesaurus
650 _aAtlas - solar flux
_913692
650 _aSolar Flux Atlas
_913693
700 _aBrault, J
_912770
700 _aFurenlid, I
_916248
700 _aTesterman, L
_912771
942 _cBK
999 _c9632
_d9632